INNOVATION AND ENTREPRENEURSHIP ( PRACTICE AND PRINCE AND PRINCIPLES (Record no. 9523)

MARC details
000 -LEADER
fixed length control field 00488nam a22001577a 4500
003 - CONTROL NUMBER IDENTIFIER
control field SGT
020 ## - INTERNATIONAL STANDARD BOOK NUMBER
International Standard Book Number 9788131220108
082 ## - DEWEY DECIMAL CLASSIFICATION NUMBER
Classification number 658.42,DUR
100 ## - MAIN ENTRY--PERSONAL NAME
Personal name PETER F, DRUCKER
245 ## - TITLE STATEMENT
Title INNOVATION AND ENTREPRENEURSHIP ( PRACTICE AND PRINCE AND PRINCIPLES
260 ## - PUBLICATION, DISTRIBUTION, ETC. (IMPRINT)
Place of publication, distribution, etc NEW DELHI
Name of publisher, distributor, etc ELSEVIER
Year of Publication 2011
300 ## - PAGE DESCRIPTION
No. of Pages 253
650 ## - SUBJECT ADDED ENTRY--TOPICAL TERM
Topical term or geographic name as entry element MANAGEMENT AND AUXILIARY SERVICES
653 ## - KEYWORDS--INDEX TERM
Keyword term THE PRACTICE OF INNOVATION, THE PRACTICE OF ENTREPRENEURSHIP, ENTREPRENEURIAL STRATEGIES
942 ## - ADDED ENTRY ELEMENTS (KOHA)
Source of classification or shelving scheme Dewey Decimal Classification
Koha item type FCM Books
Holdings
Withdrawn status Lost status Source of classification or shelving scheme Damaged status Not for loan Collection code Home library Current library Shelving location Date acquired Vendor Name Cost, normal purchase price SGTU Bill Number Full call number Accession No. (Barcode) Date last seen Bill Date Koha item type
    Dewey Decimal Classification   Not For Loan COMMERCE MANAGEMENT SGT Science & Social Sciences Library SGT Science & Social Sciences Library Reference Book 07/07/2016 IBH 450.00 SGTU 9475 658.42,DUR CM61 07/07/2016 30/08/2013 FCM Books